Hồ Xuân Hương: Tác phẩm và lời bình
Na minha lista:
| Formato: | Livro |
|---|---|
| Publicado em: |
2005
|
| Tags: |
Adicionar Tag
Sem tags, seja o primeiro a adicionar uma tag!
|
| Thư viện lưu trữ: | Mạng thư viện Đại học Đà Nẵng |
|---|
| LEADER | 00466nam a22001811a 4500 | ||
|---|---|---|---|
| 001 | 000040883 | ||
| 003 | 17178 | ||
| 005 | 20160412023705.0 | ||
| 008 | 160412s2005 000 | ||
| 082 | |a V(23)145-47 | ||
| 245 | |a Hồ Xuân Hương: Tác phẩm và lời bình |c Trần Thành, Anh Vũ | ||
| 260 | |c 2005 | ||
| OWN | |a LNN | ||
| 999 | |a From the UDN01 | ||
| TYP | |a Monograph | ||
| 980 | |a Mạng thư viện Đại học Đà Nẵng | ||